| 000 | 00450nam a2200193Ia 4500 | ||
|---|---|---|---|
| 005 | 20240823022634.0 | ||
| 008 | 240823s9999||||xx |||||||||||||| ||und|| | ||
| 020 | _a978-0-07-061141-2 | ||
| 041 | _aENGLISH | ||
| 082 | _A621.815 P7 | ||
| 100 | _aBhandari V B | ||
| 245 | 0 | _aDesign of Machine Elements | |
| 250 | _a2nd | ||
| 260 |
_c2007 _bTMH New D |
||
| 500 | _aTRANSFERED | ||
| 650 |
_aMachine _bMechanical |
||
| 942 | _cBK | ||
| 999 |
_c179650 _d179650 |
||